Statistics for Top 10 Clippers of all time

Click here to take the quiz!

General Stats

  • This quiz has been taken 7 times
  • The average score is 5 of 10

Answer Stats

Answer% Correct
Blake Griffin
100%
Chris Paul
100%
DeAndre Jordan
86%
Jamal Crawford
71%
Bob McAdoo
57%
Elton Brand
29%
Randy Smith
14%
Correy Magette
0%
Danny Manning
0%
Loy Vaught
0%

Score Distribution

Percentile by Number Answered

Percent of People with Each Score

Your Score History

You have not taken this quiz